[Event "FRA-ch op-D"]
[Site "Caen"]
[Date "2011.08.17"]
[Round "2"]
[White "Grothe, Franz"]
[Black "Caldarola, Stefano"]
[Result "0-1"]
[WhiteElo "1419"]
[BlackElo "1499"]
[PlyCount "186"]
[EventDate "2011.08.16"]
[EventType "swiss"]
[EventRounds "9"]
[EventCountry "FRA"]
[SourceTitle "EXT 2012"]
[Source "ChessBase"]
[SourceDate "2011.11.24"]
[SourceVersion "1"]
[SourceVersionDate "2011.11.24"]
[SourceQuality "1"]

1. d4 d5 2. Nf3 Nf6 3. e3 Bf5 4. Bd3 Bxd3 5. Qxd3 e6 6. Qb5+ Nbd7 7. Qxb7 Bd6 8. Qb5 0-0 9. 0-0 e5 10. dxe5 Nxe5 11. Nbd2 Nxf3+ 12. Nxf3 Ne4 13. b3 Qf6 14. Rb1 Nc3 15. Bb2 Nxb5 16. Bxf6 gxf6 17. a4 Nc3 18. Ra1 a5 19. Nd4 Be5 20. Rae1 Bxd4 21. exd4 Rfe8 22. Re3 Rxe3 23. fxe3 Ne4 24. Re1 Nc3 25. Rf1 Kg7 26. Rf3 Ne4 27. Rf4 h5 28. g4 hxg4 29. Rxg4+ Kh7 30. h3 f5 31. Rh4+ Kg6 32. Rf4 Nc3 33. Kf1 Re8 34. h4 Rxe3 35. h5+ Kg5 36. Rf2 Rh3 37. Rg2+ Kf6 38. Rg8 Rxh5 39. Rc8 Rh2 40. Rxc7 Rxc2 41. Rc5 f4 42. Rxa5 Rb2 43. Ra6+ Kf5 44. Rb6 Nxa4 45. Rb7 f6 46. Ke1 f3 47. Rb5 f2+ 48. Kf1 Nc3 49. Rc5 Kf4 50. Rxc3 Ke4 51. b4 Kxd4 52. Rf3 Rxb4 53. Rf4+ Kc5 54. Rxf6 Re4 55. Rxf2 Kc4 56. Rf3 d4 57. Ra3 Kd5 58. Ra5+ Ke6 59. Ra8 Kf5 60. Rf8+ Kg4 61. Rg8+ Kf3 62. Rh8 Ke3 63. Rh3+ Kd2 64. Rh2+ Kc1 65. Rh3 Kd2 66. Rh2+ Kc3 67. Ra2 d3 68. Ra3+ Kc2 69. Ra2+ Kb1 70. Rd2 Re3 71. Kf2 Rh3 72. Kg2 Kc1 73. Rf2 Re3 74. Rf1+ Kc2 75. Kf2 Re2+ 76. Kg3 Re8 77. Ra1 d2 78. Ra2+ Kc1 79. Ra1+ Kb2 80. Rh1 Re1 81. Rh2 Kc1 82. Rxd2 Kxd2 83. Kf2 Re3 84. Kf1 Kd3 85. Kf2 Ke4 86. Kf1 Kf3 87. Kg1 Re2 88. Kf1 Ke3 89. Kg1 Ra2 90. Kf1 Rb2 91. Kg1 Kf3 92. Kh1 Kg3 93. Kg1 Rb1# 0-1